000 04521cam a22005894i 4500
003 PE-LiUPU
005 20250731173115.0
008 190318m20172018ne a rb 001 0 eng d
020 _a9789004341920
_q(volumen I)
020 _a9789004352803
_q(volumen II)
020 _a9789004352810
_q(volumen III)
035 _a(Sirsi) a251970
040 _aPE-LiUPU
_bspa
_cPE-LiUPU
_erda
_dPE-LiUPU
_erda
049 _aPRUA
082 0 4 _a270
_bH5
_223
245 0 0 _aHistory of global Christianity /
_cJens Holger Schjørring, Norman A. Hjelm, Kevin Ward (edited) ; David Orton (translations).
264 1 _aLeiden :
_bBrill,
_c2017-2018.
300 _a3 volumenes :
_bilustraciones ;
_c27 centímetros
336 _atext
_2rdacontent
337 _aunmediated
_2rdamedia
338 _avolume
_2rdacarrier
504 _aIncluye bibliografía.
504 _aIncluye índice.
505 0 _aVolumen I,
_tEuropean and Global Christianity, ca. 1500-1789.
_aCatholicism in Spain, Portugal, and their empires -- The russian church, 1448-1701 -- Christians under ottoman rule, 1453-1800 -- Christianity in Africa, 1500-1800 -- Latin-European christianity in the 16th century -- Christianity in Asia, ca. 1500-1789 -- Christianity in Europe: The 17th century -- Famine, epidemics, War: The triple challenge of Central European christianity 1570-1720 -- Christian churches and communities in North America to 1800 -- Christianity in 18th century Europe.
505 0 _aVolumen II,
_tHistory of Christianity in the 19th century.
_aRevolutions and the church: The new era of modernity -- Roman catholicism, European ultramontanism, and the first vatican council -- The protestant missionary movement in the nineteenth century (late 18th century to 1914) -- Christianity in Russia, 1700-1917 -- Christianity in nineteenth- century North America -- Latin America and the Caribbean in the 19th century -- Christianity in Africa: The late 18th century to 1914 -- Christianity in the Middle East, 1799-1917 -- Asia in the 19th and early 20th centuries -- Christianity in the context of other world religions: Interreligious Dynamics and Developments in the 19th century.
505 0 _aVolumen III,
_tHistory of Christianity in the 20th century.
_aChristianity in the first world war -- Christianity in Europe and North America between the world wars, 1918-c.1939 -- The churches in the second world war -- Christianity in Europe and North America in the age of the cold war -- Part 2 Themes -- Christianity, human rights, and socio-ethical reorientations -- The ecumenical movement -- Vatican II: How the first global concil transformed catholicim -- Anti-semitism, holocaust, and recorientation -- Christianity in the context of other world religions: Interreligious Dynamics and developments in the 20th century -- Part 3 Continents -- The chistian century? a history of christianity in North America, 1900-2000 -- Christianity in Latin Americand the Caribbean in the 20th century -- African christianity in the twentieth century -- African christianity in the twentieth century-part two -- Christianity in the middle east, 1917-2017 -- Christianities in Asia in the twentieth century (1910-2010) -- Australia, New Zeland, and Oceania -- Christianitiy in Russia and Eastern Europe -- Christianity in Europe.
526 _aSEG42
526 _aSEG41
526 _aSEG40
526 _aSEG39
526 _aP94
526 _aP87
526 _aP86
526 _aP85
526 _aP77
526 _aP76
526 _aP35
650 0 4 _aCivilización cristiana.
650 7 _aCristianismo y cultura.
_91358
700 1 _aSchjørring, Jens Holger,
_eeditor.
700 1 _aWard, Kevin,
_eeditor.
700 1 _aHjelm, Norman A.,
_eeditor.
700 1 _aOrton, David,
_etraductor.
910 _adbm
_bsag
_csag
_d20190318
942 _2ddc
_cBOOK
994 _aC0
_bPEPRU
596 _a1
999 _a270 H5 1
_wLC
_c31230
_i80000
_f2021-11-10
_g2
_lCCODEBUL1
_mBUL
_p177.32
_r0
_sY
_tBOOK
_u2019-3-18
_xTEOLOGIA
_PP33
_0DONACION
_o.STAFF. Colección Teología
_d31230
999 _a270 H5 2
_wDEWEY
_c1
_i80001
_f2021-11-10
_g2
_lCCODEBUL1
_mBUL
_p174.62
_r0
_sY
_tBOOK
_u2019-3-18
_xTEOLOGIA
_PP33
_0DONACION
_o.STAFF. Colección Teología
999 _a270 H5 3
_wDEWEY
_c1
_i80002
_d2019-7-23
_e2019-7-23
_f2021-11-10
_g2
_lCCODEBUL1
_mBUL
_n1
_p170.57
_q1
_r0
_sY
_tBOOK
_u2019-3-18
_xTEOLOGIA
_PP35
_0DONACION
_o.STAFF. Colección Teología
980 _81
_gALBERTO SANCHEZ Responsable de Automatización